On some aspects of below-the-line marketing communication in Slovakia

Nové faktory vývoja trhu po roku 1989, ovplyvňujúce marketingovú komunikáciu. Charakteristika podpory predaja, public relations, personalizovaného predaja a direct marketingu.

Salvato in:
Dettagli Bibliografici
Autore principale: Belovický, Dalibor
Natura: Capitolo di libro
Lingua:inglese
slovacco
Soggetti:
Tags: Aggiungi Tag
Nessun Tag, puoi essere il primo ad aggiungerne!!

MARC

LEADER 00000naa a2200000 4500
001 r035021
005 20230623071419.5
041 0 |a eng 
041 0 |a slo 
044 |a SK 
245 1 0 |a On some aspects of below-the-line marketing communication in Slovakia  |c Dalibor Belovický 
520 |a Nové faktory vývoja trhu po roku 1989, ovplyvňujúce marketingovú komunikáciu. Charakteristika podpory predaja, public relations, personalizovaného predaja a direct marketingu. 
610 2 0 |a komunikácia marketingová 
610 2 0 |a podpora predaja 
610 2 0 |a práca s verejnosťou 
610 2 0 |a marketing sieťový 
610 2 0 |a marketing priamy 
610 2 0 |a spotrebitelia 
610 2 0 |a Slovensko 
100 1 |a Belovický, Dalibor